<?xml version="1.0" encoding="UTF-8"?><?xml-stylesheet type="text/xsl" href="static/style.xsl"?><OAI-PMH xmlns="http://www.openarchives.org/OAI/2.0/" xmlns:xsi="http://www.w3.org/2001/XMLSchema-instance" xsi:schemaLocation="http://www.openarchives.org/OAI/2.0/ http://www.openarchives.org/OAI/2.0/OAI-PMH.xsd"><responseDate>2026-04-29T03:58:53Z</responseDate><request verb="GetRecord" identifier="oai:riubu.ubu.es:10259/5399" metadataPrefix="marc">https://riubu.ubu.es/oai/request</request><GetRecord><record><header><identifier>oai:riubu.ubu.es:10259/5399</identifier><datestamp>2024-05-14T10:59:58Z</datestamp><setSpec>com_10259_2699</setSpec><setSpec>col_10259_2725</setSpec></header><metadata><record xmlns="http://www.loc.gov/MARC21/slim" xmlns:doc="http://www.lyncode.com/xoai" xmlns:xsi="http://www.w3.org/2001/XMLSchema-instance" xmlns:dcterms="http://purl.org/dc/terms/" xsi:schemaLocation="http://www.loc.gov/MARC21/slim http://www.loc.gov/standards/marcxml/schema/MARC21slim.xsd">
<leader>00925njm 22002777a 4500</leader>
<datafield tag="042" ind1=" " ind2=" ">
<subfield code="a">dc</subfield>
</datafield>
<datafield tag="720" ind1=" " ind2=" ">
<subfield code="a">González Peña, David</subfield>
<subfield code="e">author</subfield>
</datafield>
<datafield tag="260" ind1=" " ind2=" ">
<subfield code="c">2019</subfield>
</datafield>
<datafield tag="520" ind1=" " ind2=" ">
<subfield code="a">La energía solar híbrida permite generar electricidad y calor aprovechando la energía solar en el mismo panel. En este trabajo se muestra el desarrollo y construcción de varios paneles PV/T. El uso del PCM en el interior del panel permite almacenar calor y contener la temperatura durante su funcionamiento. Para mejorar la transferencia de calor en el PCM, se incorporan heat pipes que transfieren el calor hacia la parte trasera del PCM.&#xd;
Los diferentes diseños se han testado en el banco de pruebas donde se ha observado la eficacia del PCM en los paneles PV/T al incrementar su eficiencia eléctrica. Adicionalmente, se incluye una extensa comparativa de varios diseños de paneles PV/T realizada mediante simulación CFD. Estos resultados han permitido comprender el funcionamiento de la tecnología solar hibrido y mejorar los diseños en busca de un mayor rendimiento eléctrico y térmico.</subfield>
</datafield>
<datafield tag="520" ind1=" " ind2=" ">
<subfield code="a">The hybrid solar energy allows to generate electricity and heat in the same solar collector from the solar energy. This work shows the development and construction of several PV/T panels. The use of the PCM inside the panel allows to store heat and control the temperature during its operation. To improve heat transfer in the PCM, it was incorporated heat pipes in a design that transfer heat to the back of the PCM.&#xd;
The different designs have been tested in the testing plant where the effectiveness of the use of PCM in PV/T panels has been observed by increasing their electrical efficiency. Additionally, an extensive comparison of several hybrid solar collector designs, made using CFD simulation, is included. These results have allowed us to understand the operation of hybrid solar technology and improve designs in search of greater electrical and thermal performance.</subfield>
</datafield>
<datafield tag="024" ind2=" " ind1="8">
<subfield code="a">http://hdl.handle.net/10259/5399</subfield>
</datafield>
<datafield tag="024" ind2=" " ind1="8">
<subfield code="a">10.36443/10259/5399</subfield>
</datafield>
<datafield ind1=" " ind2=" " tag="653">
<subfield code="a">Energía solar híbrida</subfield>
</datafield>
<datafield ind1=" " ind2=" " tag="653">
<subfield code="a">PV/T</subfield>
</datafield>
<datafield ind1=" " ind2=" " tag="653">
<subfield code="a">PCM</subfield>
</datafield>
<datafield ind1=" " ind2=" " tag="653">
<subfield code="a">Eficiencia energética</subfield>
</datafield>
<datafield ind1=" " ind2=" " tag="653">
<subfield code="a">Hybrid solar energy</subfield>
</datafield>
<datafield ind1=" " ind2=" " tag="653">
<subfield code="a">Heat Pipe</subfield>
</datafield>
<datafield ind1=" " ind2=" " tag="653">
<subfield code="a">Energy Efficiency</subfield>
</datafield>
<datafield tag="245" ind1="0" ind2="0">
<subfield code="a">Optimización del diseño de panel solar híbrido para edificación</subfield>
</datafield>
</record></metadata></record></GetRecord></OAI-PMH>